Once salón de arte contemporáneo Cuzqueño : (Record no. 13948)

000 -CABECERA
fixed length control field 00768nam a22002177a 4500
003 - IDENTIFICADOR DEL NÚMERO DE CONTROL
control field AR-CdUCM
008 - DATOS DE LONGITUD FIJA--INFORMACIÓN GENERAL
fixed length control field 190417b ||||| |||| 00| 0 spa d
040 ## - FUENTE DE LA CATALOGACIÓN
Agencia/entidad que catalogó originalmente la obra MUNICIPALIDAD PROVINCIAL DEL CUSCO
Entidad que transcribió la catalogación BIBLIOTECA MUNICIPAL DEL CUSCO
082 ## - NÚMERO DE LA CLASIFICACIÓN DECIMAL DEWEY
No. de Clasificación C / 750.83 /
Notacion interna T17
100 ## - ENTRADA PRINCIPAL--NOMBRE DE PERSONA
Nombre Personal Tamayo Herrera, José
245 ## - MENCIÓN DE TÍTULO
Título Once salón de arte contemporáneo Cuzqueño :
Resto del título plásticos del Cuzco /
260 ## - PUBLICACIÓN, DISTRIBUCIÓN, ETC.
Lugar de publicación, distribución, etc. Cuzco :
Nombre de la editorial, distribuidor, etc. Asociación de artistas,
Fecha de publicación, distribución, etc. 1976.
300 ## - DESCRIPCIÓN FÍSICA
Nº de Páginas Extensión 34 páginas ;
Otros detalles físicos Ilustraciones,
Dimensiones 22 cm.
505 ## - NOTA DE CONTENIDO CON FORMATO
Nota de contenido formateada Contenido; Ilustraciones.
650 ## - PUNTO DE ACCESO ADICIONAL DE MATERIA--TÉRMINO DE MATERIA
Descriptor Arte Cuzqueño
9 (RLIN) 26091
650 ## - PUNTO DE ACCESO ADICIONAL DE MATERIA--TÉRMINO DE MATERIA
Descriptor Pintores
9 (RLIN) 6624
650 ## - PUNTO DE ACCESO ADICIONAL DE MATERIA--TÉRMINO DE MATERIA
Descriptor Realistas sociales
9 (RLIN) 32584
710 ## - PUNTO DE ACCESO ADICIONAL--NOMBRE DE ENTIDAD CORPORATIVA
Nombre corporativo (En letras Mayúsculas) Asociación de artistas capilla de Lourdes
9 (RLIN) 32585
942 ## - ELEMENTOS DE PUNTO DE ACCESO ADICIONAL (KOHA)
Fuente de clasificación
Tipo de item Libros-BMC
945 ## - PROCESAMIENTO DE INFORMACIÓN LOCAL (OCLC)
Catalogador acv
AAAA-MM-DD - Fecha de ingreso o modificacion 2019-04-17
Holdings
Estado de retiro (separado) Fuente de clasificación o esquema de estanterías Estado dañado Ubicación Sala donde se ubica Nombre de la colección Fecha de adquisición o compra Costo, precio normal en soles Signatura topográfica Código de Barras Última vez visto (Koha) Tipo de ítem (Koha)
No     Sala Cusco Antiguo Sala Cusco Antiguo Book Cart 2019-04-17 40.00 C / 750.83 / T17 SCA0003170 2019-04-17 Libros-BMC

Powered by Koha